00655 a2200181 4500020001500000020002100015040003300036082001100069100002500080245007100105250001200176260004200188300003400230650002500264700002200289856008700311856007500398 a0072465638 a0071151109 (ISE) aLibrary of CongressbEnglish00a005.741 aRamakrishnan, Raghu.10aDatabase management systems cRaghu Ramakrishnan, Johannes Gehrke. a3rd ed. aBoston, Mass. :bMcGraw-Hill,cc2003. axxxii, 1065 p.:bill.c24 cm. 0aDatabase management.1 aGehrke, Johannes.423Publisher descriptionuhttp://www.loc.gov/catdir/description/mh024/2002075205.html423Table of contentsuhttp://www.loc.gov/catdir/toc/mh023/2002075205.html